Statistics for Countries That End in U

Click here to take the quiz!

General Stats

  • This quiz has been taken 84,201 times
  • The average score is 5 of 6

Answer Stats

Answer% Correct
Peru
93%
Tuvalu
86%
Vanuatu
83%
Nauru
81%
Palau
81%
Guinea-Bissau
40%

Score Distribution

Percentile by Number Answered

Percent of People with Each Score

Your Score History

You have not taken this quiz